Obce a obecní samospráva v České republice.
Stručná história idey obecnej samosprávy od 40. rokov XIX. storočia až do r. 1990. Nová česká politická reprezentácia považuje za jeden zo svojich cieľov i rehabilitáciu samosprávnej funkcie obcí. Funkčná klasifikácia obcí používaná čs. štatistickou službou. Tendencie integrácie obcí. Hospodárska fu...
Guardado en:
| Autor principal: | |
|---|---|
| Otros Autores: | |
| Formato: | Capítulo de libro |
| Lenguaje: | checo |
| Materias: | |
| Etiquetas: |
Sin Etiquetas, Sea el primero en etiquetar este registro!
|
MARC
| LEADER | 00000naa a2200000 4500 | ||
|---|---|---|---|
| 001 | r005579 | ||
| 005 | 20221125080644.1 | ||
| 041 | 0 | |a cze | |
| 044 | |a [CS] | ||
| 245 | 1 | 0 | |a Obce a obecní samospráva v České republice. |c M. Holečková, Miroslav Farský |
| 520 | |a Stručná história idey obecnej samosprávy od 40. rokov XIX. storočia až do r. 1990. Nová česká politická reprezentácia považuje za jeden zo svojich cieľov i rehabilitáciu samosprávnej funkcie obcí. Funkčná klasifikácia obcí používaná čs. štatistickou službou. Tendencie integrácie obcí. Hospodárska funkcia obcí a jej sociálne aspekty. Špecifiká súčasných malých vidieckych obcí. | ||
| 610 | 2 | 0 | |a správa miestna |
| 610 | 2 | 0 | |a obce |
| 610 | 2 | 0 | |a Čechy |
| 610 | 2 | 0 | |a samospráva |
| 100 | 1 | |a Holečková, M. | |
| 700 | 1 | |a Farský, Miroslav | |